Central Library OPAC University of Rajshahi

Linguistics and elt courses at National University undergraduate english programme in Bangladesh : (Record no. 85328)

MARC details
000 -LEADER
fixed length control field 01000nam a2200241 a 4500
001 - CONTROL NUMBER
RUCL Control Number 85328
003 - CONTROL NUMBER IDENTIFIER
rucl marc code BD-RjUL
005 - DATE AND TIME OF LATEST TRANSACTION
control field 20250727152044.0
008 - FIXED-LENGTH DATA ELEMENTS--GENERAL INFORMATION
fixed length control field 250727s2024 bg a|||| m||| 00| 0 eng d
035 ## - SYSTEM CONTROL NUMBER
system control number (BD-RjUL)85328
040 ## - CATALOGING SOURCE
Original cataloging agency BD-RjUL
Language of cataloging eng
Transcribing agency BD-RjUL
Modifying agency BD-RjUL
041 ## - LANGUAGE CODE
Language code of Book eng
082 ## - DEWEY DECIMAL CLASSIFICATION NUMBER
DDC Edition number 23
Classification number 378.15095492
Author mark and Year ISL 2024
100 ## - MAIN ENTRY--PERSONAL NAME
Personal name Islam, B. M. Shahidul
9 (RLIN) 16277
245 10 - TITLE STATEMENT
Title Linguistics and elt courses at National University undergraduate english programme in Bangladesh :
Remainder of title An appraisal /
Statement of responsibility, etc B. M. Shahidul Islam ;
Name of Supervisor/Co-Supervisor Supervisor : Md. Sakhawat Hossain,
260 ## - PUBLICATION, DISTRIBUTION, ETC. (IMPRINT)
Place of publication, distribution, etc Rajshahi :
Name of publisher, distributor, etc Institute of Bangladesh Studies, University of Rajshahi,
Date of publication, distribution, etc 2024
300 ## - PHYSICAL DESCRIPTION
Pagination xxi, 284 leaves :
Other physical details ill, ;
Dimensions 29.cm.
502 ## - DISSERTATION NOTE
Dissertation note Thesis (Ph.D.) -- Institute of Bangladesh Studies, University of Rajshahi, 2024
504 ## - BIBLIOGRAPHY, ETC. NOTE
Bibliography, etc References : Leaves 225 - 235
650 ## - SUBJECT ADDED ENTRY--TOPICAL TERM
Topical term or geographic name as entry element Higher Education English
Form subdivision National University
Geographic subdivision Bangladesh
9 (RLIN) 16278
700 ## - ADDED ENTRY--SUPERVISOR/CO-SUPERVISOR NAME
Personal name Hossain, Md. Sakhawat, Supervisor
9 (RLIN) 14272
942 ## - ADDED ENTRY ELEMENTS (KOHA)
Source of classification or shelving scheme Dewey Decimal Classification
Koha item type Theses
Holdings
Source of classification or shelving scheme Damaged status Not for loan Collection code Permanent Location Current Location Shelving location Date of accession Source of acquisition Full call number Barcode Date last seen Copy number Thesis
Dewey Decimal Classification   Not For Loan Theses Central Library, University of Rajshahi Central Library, University of Rajshahi Documentation Section   Controller of Exan. R.U. THE 378.15095492 ISL 2024 D5135 27/07/2025 C1 Theses